LEADER 01033nam0-22003131i-450- 001 990004014450403321 005 20140505182935.0 035 $a000401445 035 $aFED01000401445 035 $a(Aleph)000401445FED01 035 $a000401445 100 $a19990604d1979----km-y0itay50------ba 101 0 $ager 105 $ay-------001yy 200 1 $aAnerkennung als Prinzip der praktischen Philosophie$eUnterschungen zu Hegels Jenaer Philosophie des Geistes$fLudwig Siep 210 $aFreiburg$cAlber$d1979$aMünchen 215 $a378 p.$d20 cm 225 1 $aReihe praktische Philosophie$iGesammelte Schriften$v11 610 0 $aFilosofia pratica 610 0 $aHegel, Georg Wilhelm Friedrich$aPensiero filosofico 676 $a170$v20 700 1$aSiep,$bLudwig$0152088 801 0$aIT$bUNINA$gRICA$2UNIMARC 901 $aBK 912 $a990004014450403321 952 $aP.1 8D HEGEL/S 165$bDip.Filos. 102$fFLFBC 959 $aFLFBC 996 $aAnerkennung als Prinzip der praktischen Philosophie$9472977 997 $aUNINA LEADER 04046 am 2200769 n 450 001 9910418027703321 005 20200320 010 $a979-1-03-510583-9 024 7 $a10.4000/books.psorbonne.54767 035 $a(CKB)4100000010771079 035 $a(FrMaCLE)OB-psorbonne-54767 035 $a(oapen)https://directory.doabooks.org/handle/20.500.12854/52390 035 $a(PPN)267971141 035 $a(EXLCZ)994100000010771079 100 $a20200403j|||||||| ||| 0 101 0 $afre 135 $auu||||||m|||| 181 $ctxt$2rdacontent 182 $cc$2rdamedia 183 $acr$2rdacarrier 200 12$aL?identification des personnes dans les mondes grecs /$fRomain Guicharrousse, Paulin Ismard, Matthieu Vallet, Anne-Emmanuelle Veïsse 210 $aParis $cÉditions de la Sorbonne$d2020 215 $a1 online resource (288 p.) 311 $a979-1-03-510310-1 330 $aCet ouvrage, qui réunit des spécialistes des cités grecques et du royaume ptolémaïque, se propose d?interroger la notion d?identité dans les mondes grecs par le biais des processus d?identification, processus qui conduisent conjointement à singulariser un individu et à le différencier d?un autre pour pouvoir le reconnaître. Il procède de deux objectifs?:?tenter de dépasser l?effet de rupture suscité par la spécificité des sources conservées pour les cités grecques d?époque classique, d?une part, et pour les royaumes hellénistiques, d?autre part?; confronter la perspective sociale et la perspective juridique afin de cerner ce qui unit et sépare les tenants d?une histoire sociale à proprement parler et ceux qui centrent leurs objets sur les normes juridiques et les pratiques en contexte judiciaire. Un premier groupe de cinq articles interroge ainsi le degré d?implication des instances de la polis ou de l?État monarchique en matière d?identification des personnes (A. Maffi, P. Ismard, U. Yiftach, Y. Broux ? avec un éclairage complémentaire offert par M. Béraud pour le monde romain). Six autres contributions explorent plus particulièrement les relations et les tensions entre identifications individuelles et identifications collectives (R.?Guicharrousse, M.-L.?Sronek, L.?Sot, K.?Bouillot, S.?Wackenier, L.?Rossi). Trois études enfin sont centrées sur les pratiques d?identification en contexte judiciaire et parajudiciaire (N. Siron, É.?Scheid-Tissinier, G.?Baetens). 606 $aClassics 606 $aHistory 606 $aidentité collective 606 $aantiquité 606 $aGrecs 606 $aidentification des personnes 610 $aantiquité 610 $aGrecs 610 $aidentification des personnes 610 $aidentité collective 615 4$aClassics 615 4$aHistory 615 4$aidentité collective 615 4$aantiquité 615 4$aGrecs 615 4$aidentification des personnes 700 $aBaetens$b Gert$01284743 701 $aBéraud$b Marianne$01284744 701 $aBertrand$b Jean-Marie$0296697 701 $aBouillot$b Kévin$01284745 701 $aBroux$b Yanne$0715904 701 $aGuicharrousse$b Romain$01284746 701 $aIsmard$b Paulin$01246655 701 $aMaffi$b Alberto$0184829 701 $aRossi$b Lucia$074260 701 $aScheid-Tissinier$b Évelyne$01284747 701 $aSiron$b Nicolas$01284748 701 $aSot$b Ludovic$01284749 701 $aSronek$b Marie-Laure$01284750 701 $aVallet$b Matthieu$01284751 701 $aVeïsse$b Anne-Emmanuelle$01284752 701 $aWackenier$b Stéphanie$01284753 701 $aYiftach$b Uri$01284754 701 $aGuicharrousse$b Romain$01284746 701 $aIsmard$b Paulin$01246655 701 $aVallet$b Matthieu$01284751 701 $aVeïsse$b Anne-Emmanuelle$01284752 801 0$bFR-FrMaCLE 906 $aBOOK 912 $a9910418027703321 996 $aL?identification des personnes dans les mondes grecs$93019448 997 $aUNINA